[Event "African Online-ch Women 2021"]
[Site "Online"]
[Date "2021.02.01"]
[Round "3.10"]
[White "Madelta Glenda"]
[Black "Maingi, Sasha"]
[Result "1/2-1/2"]
[WhiteElo "1420"]
[BlackElo "1599"]
[Annotator "NA RC"]
[PlyCount "77"]
[EventDate "2021.02.01"]
[EventType "swiss"]
[EventCountry "NET"]
[SourceTitle "playchess.com"]
[Source "ChessBase"]
[SourceQuality "1"]
[TimeControl "1500+10"]

1. d4 {[%emt 0:00:00]} Nf6 {[%emt 0:00:08]} 2. Nc3 {[%emt 0:00:04]} d5 {[%emt 0:00:23]} 3. Bf4 {[%emt 0:00:06]} a6 {[%emt 0:01:00]} 4. e3 {[%emt 0:00:16]} e6 {[%emt 0:00:07]} 5. Bd3 {[%emt 0:00:05]} Bd6 {[%emt 0:00:18]} 6. Bg3 {[%emt 0:00:09]} c5 {[%emt 0:01:14]} 7. dxc5 {[%emt 0:00:15]} Bxc5 {[%emt 0:00:05]} 8. Nf3 {[%emt 0:00:04]} Nc6 {[%emt 0:00:38]} 9. e4 {[%emt 0:00:34]} Nb4 {[%emt 0:05:02]} 10. O-O {[%emt 0:01:09]} Nxd3 {[%emt 0:03:21]} 11. Qxd3 {[%emt 0:00:09]} dxe4 {[%emt 0:03:59]} 12. Qxd8+ {[%emt 0:00:39]} Kxd8 {[%emt 0:00:07]} 13. Ng5 {[%emt 0:00:06]} Ke8 {[%emt 0:00:40]} 14. Rfd1 {[%emt 0:00:23]} b5 {[%emt 0:00:52]} 15. Ngxe4 {[%emt 0:00:13]} Nxe4 {[%emt 0:00:16]} 16. Nxe4 {[%emt 0:00:05]} Be7 {[%emt 0:00:11]} 17. Rd2 {[%emt 0:05:06]} Bb7 {[%emt 0:00:53]} 18. Nd6+ {[%emt 0:00:07]} Bxd6 {[%emt 0:00:35]} 19. Rxd6 {[%emt 0:00:04]} Bd5 {[%emt 0:00:49]} 20. f4 {[%emt 0:01:37]} Ke7 {[%emt 0:01:33]} 21. f5 {[%emt 0:00:08]} Rhd8 {[%emt 0:00:10]} 22. Rxd8 {[%emt 0:01:11]} Rxd8 {[%emt 0:00:07]} 23. fxe6 {[%emt 0:00:03]} Bxe6 {[%emt 0:00:13]} 24. Bf4 {[%emt 0:00:24]} Rc8 {[%emt 0:00:23]} 25. c3 {[%emt 0:00:08]} Rd8 {[%emt 0:00:11]} 26. Kf2 {[%emt 0:00:09]} Kf6 {[%emt 0:00:12]} 27. h4 {[%emt 0:00:16]} Kf5 {[%emt 0:00:15]} 28. Be3 {[%emt 0:00:17]} Rd7 {[%emt 0:00:51]} 29. a3 {[%emt 0:00:11]} Ke4 {[%emt 0:00:48]} 30. Bd4 {[%emt 0:00:30]} g6 {[%emt 0:00:09]} 31. Rd1 {[%emt 0:00:28]} Kd5 {[%emt 0:00:37]} 32. Ke3 {[%emt 0:00:29]} Kc4 {[%emt 0:00:07]} 33. Kf4 {[%emt 0:00:07]} Rd5 {[%emt 0:00:24]} 34. g4 {[%emt 0:00:59]} Kb3 {[%emt 0:00:14]} 35. Rd2 {[%emt 0:00:05]} Kc4 {[%emt 0:00:19]} 36. Kg3 {[%emt 0:02:03]} Kb3 {[%emt 0:00:27]} 37. Kf4 {[%emt 0:00:42]} Kc4 {[%emt 0:00:08]} 38. Kg3 {[%emt 0:00:15]} Kb3 {[%emt 0:00:03]} 39. Kf4 {[%emt 0:00:10]} 1/2-1/2

[Event "African Online-ch Women 2021"]
[Site "Online"]
[Date "2021.02.01"]
[Round "3.11"]
[White "Leboela, Maboloko"]
[Black "Ben Said, Safa"]
[Result "0-1"]
[WhiteElo "1296"]
[BlackElo "1577"]
[Annotator "NA RC"]
[PlyCount "56"]
[EventDate "2021.02.01"]
[EventType "swiss"]
[EventCountry "NET"]
[SourceTitle "playchess.com"]
[Source "ChessBase"]
[SourceQuality "1"]
[TimeControl "1500+10"]

1. e4 {[%emt 0:00:00]} e5 {[%emt 0:00:13]} 2. Nf3 {[%emt 0:00:05]} Nc6 {[%emt 0:00:03]} 3. Bb5 {[%emt 0:00:05]} d6 {[%emt 0:00:15]} 4. O-O {[%emt 0:00:04]} Bg4 {[%emt 0:00:04]} 5. h3 {[%emt 0:00:14]} Bh5 {[%emt 0:00:05]} 6. Nc3 {[%emt 0:00:08]} Nf6 {[%emt 0:00:07]} 7. Be2 {[%emt 0:00:15]} Be7 {[%emt 0:00:05]} 8. d4 {[%emt 0:00:09]} Bxf3 {[%emt 0:00:19]} 9. gxf3 {[%emt 0:01:02]} Nxd4 {[%emt 0:00:14]} 10. Kh2 {[%emt 0:00:05]} Nxe2 {[%emt 0:00:20]} 11. Nxe2 {[%emt 0:00:06]} Qd7 {[%emt 0:00:04]} 12. Rg1 {[%emt 0:00:05]} Nh5 {[%emt 0:00:39]} 13. Ng3 {[%emt 0:00:14]} Nxg3 {[%emt 0:00:16]} 14. Rxg3 {[%emt 0:00:05]} g6 {[%emt 0:00:03]} 15. Qd5 {[%emt 0:00:26]} c6 {[%emt 0:00:36]} 16. Qb3 {[%emt 0:00:04]} Bh4 {[%emt 0:00:35]} 17. Rg2 {[%emt 0:00:15]} O-O-O {[%emt 0:00:48]} 18. Be3 {[%emt 0:00:10]} Kb8 {[%emt 0:00:31]} 19. a4 {[%emt 0:00:05]} d5 {[%emt 0:00:10]} 20. exd5 {[%emt 0:00:16]} cxd5 {[%emt 0:00:03]} 21. a5 {[%emt 0:00:07]} d4 {[%emt 0:00:08]} 22. Bd2 {[%emt 0:00:09]} f5 {[%emt 0:00:07]} 23. a6 {[%emt 0:00:05]} b6 {[%emt 0:00:04]} 24. c4 {[%emt 0:01:53]} Be7 {[%emt 0:01:24]} 25. Rgg1 {[%emt 0:00:21]} Rc8 {[%emt 0:00:16]} 26. Rgc1 {[%emt 0:00:30]} Bc5 {[%emt 0:00:11]} 27. Qd3 {[%emt 0:00:10]} Qd6 {[%emt 0:00:16]} 28. Ra4 {[%emt 0:00:15]} e4+ {[%emt 0:00:08]} 0-1

[Event "African Online-ch Women 2021"]
[Site "Online"]
[Date "2021.02.01"]
[Round "3.12"]
[White "Castro, Neusa Aridas De"]
[Black "Farnela, Nuzela Zacarias Musi"]
[Result "0-1"]
[WhiteElo "1512"]
[BlackElo "1431"]
[Annotator "NA RC"]
[PlyCount "188"]
[EventDate "2021.02.01"]
[EventType "swiss"]
[EventCountry "NET"]
[SourceTitle "playchess.com"]
[Source "ChessBase"]
[SourceQuality "1"]
[TimeControl "1500+10"]

1. e4 {[%emt 0:00:00]} e5 {[%emt 0:00:09]} 2. Nf3 {[%emt 0:00:25]} Nc6 {[%emt 0:00:06]} 3. Bc4 {[%emt 0:01:13]} Bc5 {[%emt 0:00:07]} 4. O-O {[%emt 0:01:01]} h6 {[%emt 0:00:10]} 5. c3 {[%emt 0:00:10]} a6 {[%emt 0:00:12]} 6. d3 {[%emt 0:00:04]} Nf6 {[%emt 0:00:10]} 7. h3 {[%emt 0:00:08]} d6 {[%emt 0:00:10]} 8. Nbd2 {[%emt 0:00:18]} O-O {[%emt 0:00:16]} 9. Nh2 {[%emt 0:00:07]} Nh7 {[%emt 0:00:09]} 10. Ndf3 {[%emt 0:00:03]} Ne7 {[%emt 0:00:08]} 11. Re1 {[%emt 0:00:04]} Ng6 {[%emt 0:00:07]} 12. Bd2 {[%emt 0:00:12]} Be6 {[%emt 0:00:41]} 13. Bxe6 {[%emt 0:00:21]} fxe6 {[%emt 0:00:07]} 14. Qb3 {[%emt 0:00:20]} Qd7 {[%emt 0:00:39]} 15. Be3 {[%emt 0:00:26]} Bxe3 {[%emt 0:00:37]} 16. Rxe3 {[%emt 0:00:05]} Rab8 {[%emt 0:00:10]} 17. Nd2 {[%emt 0:00:10]} Nf4 {[%emt 0:00:12]} 18. Qd1 {[%emt 0:00:22]} Qf7 {[%emt 0:00:09]} 19. Rf3 {[%emt 0:00:08]} Qg6 {[%emt 0:00:12]} 20. Rg3 {[%emt 0:00:10]} Ng5 {[%emt 0:00:10]} 21. h4 {[%emt 0:00:46]} Nh5 {[%emt 0:00:50]} 22. Re3 {[%emt 0:03:06]} Nh7 {[%emt 0:01:01]} 23. Qg4 {[%emt 0:00:48]} Qxg4 {[%emt 0:01:05]} 24. Nxg4 {[%emt 0:00:06]} Rf4 {[%emt 0:00:15]} 25. f3 {[%emt 0:00:41]} Rbf8 {[%emt 0:00:13]} 26. Kh2 {[%emt 0:00:12]} N5f6 {[%emt 0:00:30]} 27. Nxf6+ {[%emt 0:00:11]} R4xf6 {[%emt 0:00:34]} 28. Nb3 {[%emt 0:00:11]} b6 {[%emt 0:00:27]} 29. Rf1 {[%emt 0:00:18]} R6f7 {[%emt 0:00:41]} 30. Nc1 {[%emt 0:00:51]} Nf6 {[%emt 0:00:41]} 31. Kh3 {[%emt 0:00:07]} Nd7 {[%emt 0:00:20]} 32. Ne2 {[%emt 0:00:07]} Nb8 {[%emt 0:02:02]} 33. a4 {[%emt 0:00:24]} Nc6 {[%emt 0:00:19]} 34. Rb1 {[%emt 0:00:38]} a5 {[%emt 0:00:29]} 35. Ng3 {[%emt 0:00:18]} Ne7 {[%emt 0:00:18]} 36. Nf1 {[%emt 0:00:14]} Ng6 {[%emt 0:00:10]} 37. Nd2 {[%emt 0:00:11]} Nf4+ {[%emt 0:00:13]} 38. Kh2 {[%emt 0:00:13]} Ng6 {[%emt 0:00:30]} 39. g3 {[%emt 0:00:07]} Ne7 {[%emt 0:00:27]} 40. Kg2 {[%emt 0:00:32]} Rc8 {[%emt 0:00:24]} 41. Nb3 {[%emt 0:00:13]} c5 {[%emt 0:01:04]} 42. Nd2 {[%emt 0:00:09]} Nc6 {[%emt 0:01:46]} 43. Nc4 {[%emt 0:00:21]} Rd8 {[%emt 0:02:23]} 44. Nxb6 {[%emt 0:00:18]} Rb7 {[%emt 0:00:09]} 45. Nc4 {[%emt 0:00:06]} Kf7 {[%emt 0:00:49]} 46. Na3 {[%emt 0:00:18]} Ke7 {[%emt 0:00:23]} 47. Nb5 {[%emt 0:00:05]} Rdb8 {[%emt 0:00:15]} 48. Re2 {[%emt 0:00:12]} Na7 {[%emt 0:00:08]} 49. Nxa7 {[%emt 0:00:17]} Rxa7 {[%emt 0:00:12]} 50. h5 {[%emt 0:00:25]} Rab7 {[%emt 0:00:08]} 51. g4 {[%emt 0:00:05]} Rb3 {[%emt 0:00:08]} 52. Rc2 {[%emt 0:00:06]} Kf6 {[%emt 0:00:19]} 53. Kg3 {[%emt 0:00:16]} Kg5 {[%emt 0:00:11]} 54. Kf2 {[%emt 0:00:41]} Kf4 {[%emt 0:00:11]} 55. Ke2 {[%emt 0:00:22]} R8b7 {[%emt 0:00:28]} 56. c4 {[%emt 0:00:22]} R7b6 {[%emt 0:00:12]} 57. Rd2 {[%emt 0:00:11]} R6b4 {[%emt 0:00:09]} 58. Rc2 {[%emt 0:00:39]} Rxa4 {[%emt 0:00:12]} 59. Rc3 {[%emt 0:00:05]} Rab4 {[%emt 0:00:58]} 60. Rc2 {[%emt 0:00:34]} a4 {[%emt 0:00:09]} 61. Rd2 {[%emt 0:02:12]} a3 {[%emt 0:00:53]} 62. g5 {[%emt 0:05:46]} Rxb2 {[%emt 0:01:17]} 63. Rg1 {[%emt 0:00:34]} Rxd2+ {[%emt 0:00:06]} 64. Kxd2 {[%emt 0:00:08]} Rb2+ {[%emt 0:00:19]} 65. Kc3 {[%emt 0:00:07]} Kxf3 {[%emt 0:00:18]} 66. gxh6 {[%emt 0:00:12]} gxh6 {[%emt 0:00:15]} 67. Ra1 {[%emt 0:00:23]} Ke3 {[%emt 0:00:37]} 68. Re1+ {[%emt 0:00:22]} Re2 {[%emt 0:00:08]} 69. Ra1 {[%emt 0:00:07]} a2 {[%emt 0:00:46]} 70. Rh1 {[%emt 0:00:26]} Kf3 {[%emt 0:01:32]} 71. Ra1 {[%emt 0:00:20]} Kg4 {[%emt 0:00:11]} 72. Rh1 {[%emt 0:00:24]} Kg3 {[%emt 0:00:07]} 73. Ra1 {[%emt 0:00:08]} Rh2 {[%emt 0:00:28]} 74. Rg1+ {[%emt 0:00:35]} Kh4 {[%emt 0:00:20]} 75. Ra1 {[%emt 0:00:10]} Kxh5 {[%emt 0:00:05]} 76. Kb3 {[%emt 0:00:12]} Kg4 {[%emt 0:00:06]} 77. Kc3 {[%emt 0:00:07]} h5 {[%emt 0:00:07]} 78. Kb3 {[%emt 0:00:07]} h4 {[%emt 0:00:07]} 79. Ka4 {[%emt 0:00:05]} h3 {[%emt 0:00:05]} 80. Kb5 {[%emt 0:00:06]} Kf3 {[%emt 0:00:04]} 81. Kc6 {[%emt 0:00:02]} Rd2 {[%emt 0:00:05]} 82. Kxd6 {[%emt 0:00:03]} h2 {[%emt 0:00:06]} 83. Kxc5 {[%emt 0:00:04]} Rb2 {[%emt 0:00:12]} 84. Kd6 {[%emt 0:00:03]} Rb1 {[%emt 0:00:05]} 85. Rxa2 {[%emt 0:00:08]} h1=Q {[%emt 0:00:09]} 86. Kxe6 {[%emt 0:00:04]} Qh6+ {[%emt 0:00:16]} 87. Kd5 {[%emt 0:00:11]} Rd1 {[%emt 0:00:13]} 88. Ra3 {[%emt 0:00:10]} Qf8 {[%emt 0:00:12]} 89. Rc3 {[%emt 0:00:09]} Ke3 {[%emt 0:00:09]} 90. c5 {[%emt 0:00:26]} Rxd3+ {[%emt 0:00:09]} 91. Rxd3+ {[%emt 0:00:04]} Kxd3 {[%emt 0:00:05]} 92. c6 {[%emt 0:00:04]} Qd8+ {[%emt 0:00:10]} 93. Kc5 {[%emt 0:00:05]} Qc7 {[%emt 0:00:06]} 94. Kb5 {[%emt 0:00:06]} Kxe4 {[%emt 0:00:05]} 0-1

[Event "African Online-ch Women 2021"]
[Site "Online"]
[Date "2021.02.01"]
[Round "3.13"]
[White "Sitoe, Cheila Andre"]
[Black "Shaba, Linda Dalitso"]
[Result "0-1"]
[WhiteElo "1588"]
[BlackElo "1603"]
[Annotator "NA RC"]
[PlyCount "70"]
[EventDate "2021.02.01"]
[EventType "swiss"]
[EventCountry "NET"]
[SourceTitle "playchess.com"]
[Source "ChessBase"]
[SourceQuality "1"]
[TimeControl "1500+10"]

1. e4 {[%emt 0:00:00]} e6 {[%emt 0:00:07]} 2. d4 {[%emt 0:00:06]} d5 {[%emt 0:00:04]} 3. exd5 {[%emt 0:00:03]} exd5 {[%emt 0:00:04]} 4. Nf3 {[%emt 0:00:04]} Nf6 {[%emt 0:00:04]} 5. Bg5 {[%emt 0:00:06]} Bd6 {[%emt 0:00:04]} 6. Bd3 {[%emt 0:00:04]} O-O {[%emt 0:00:05]} 7. O-O {[%emt 0:00:09]} Bg4 {[%emt 0:00:04]} 8. Nbd2 {[%emt 0:00:05]} Nbd7 {[%emt 0:00:06]} 9. c3 {[%emt 0:00:04]} c6 {[%emt 0:00:03]} 10. Qc2 {[%emt 0:00:07]} Qc7 {[%emt 0:00:03]} 11. h3 {[%emt 0:00:07]} Bh5 {[%emt 0:00:04]} 12. Rae1 {[%emt 0:00:12]} Rfe8 {[%emt 0:00:17]} 13. Bf5 {[%emt 0:01:27]} Bg6 {[%emt 0:01:35]} 14. Bxg6 {[%emt 0:02:11]} hxg6 {[%emt 0:00:06]} 15. Be3 {[%emt 0:00:39]} Re7 {[%emt 0:00:44]} 16. Re2 {[%emt 0:00:05]} Rae8 {[%emt 0:00:11]} 17. Rfe1 {[%emt 0:00:08]} Nh5 {[%emt 0:01:48]} 18. Nf1 {[%emt 0:00:49]} Nf8 {[%emt 0:06:39]} 19. N1h2 {[%emt 0:00:59]} Nh7 {[%emt 0:02:43]} 20. Ng4 {[%emt 0:00:12]} Nf4 {[%emt 0:01:26]} 21. Bxf4 {[%emt 0:00:50]} Bxf4 {[%emt 0:00:12]} 22. Rxe7 {[%emt 0:00:05]} Rxe7 {[%emt 0:00:04]} 23. Rxe7 {[%emt 0:00:05]} Qxe7 {[%emt 0:00:04]} 24. Qd1 {[%emt 0:00:09]} Nf6 {[%emt 0:00:11]} 25. Nge5 {[%emt 0:00:07]} Bxe5 {[%emt 0:00:22]} 26. Nxe5 {[%emt 0:00:05]} Ne4 {[%emt 0:00:17]} 27. Kf1 {[%emt 0:00:11]} Qf6 {[%emt 0:00:23]} 28. Qe1 {[%emt 0:00:34]} Qf4 {[%emt 0:01:19]} 29. Kg1 {[%emt 0:00:38]} Qf5 {[%emt 0:01:05]} 30. f3 {[%emt 0:00:14]} Nd6 {[%emt 0:00:19]} 31. Qc1 {[%emt 0:02:33]} f6 {[%emt 0:00:22]} 32. Ng4 {[%emt 0:00:34]} Kf7 {[%emt 0:00:26]} 33. Kf2 {[%emt 0:00:23]} Nc4 {[%emt 0:00:30]} 34. b3 {[%emt 0:00:21]} Nd6 {[%emt 0:00:04]} 35. Qd2 {[%emt 0:00:06]} Ne4+ {[%emt 0:00:09]} 0-1

[Event "African Online-ch Women 2021"]
[Site "Online"]
[Date "2021.02.01"]
[Round "3.14"]
[White "Jambo, Linda"]
[Black "Vilhete, Vania Fausto Da T."]
[Result "0-1"]
[WhiteElo "1478"]
[BlackElo "1799"]
[Annotator "NA RC"]
[PlyCount "108"]
[EventDate "2021.02.01"]
[EventType "swiss"]
[EventCountry "NET"]
[SourceTitle "playchess.com"]
[Source "ChessBase"]
[SourceQuality "1"]
[TimeControl "1500+10"]

1. e4 {[%emt 0:00:00]} c5 {[%emt 0:00:07]} 2. Nf3 {[%emt 0:00:04]} d6 {[%emt 0:00:03]} 3. Nc3 {[%emt 0:00:09]} Nf6 {[%emt 0:00:06]} 4. Bb5+ {[%emt 0:00:07]} Bd7 {[%emt 0:00:04]} 5. Bxd7+ {[%emt 0:00:03]} Nbxd7 {[%emt 0:00:05]} 6. O-O {[%emt 0:00:03]} e6 {[%emt 0:00:03]} 7. d3 {[%emt 0:00:05]} Be7 {[%emt 0:00:05]} 8. h3 {[%emt 0:00:04]} O-O {[%emt 0:00:04]} 9. Re1 {[%emt 0:00:13]} Re8 {[%emt 0:00:08]} 10. Bg5 {[%emt 0:00:14]} a6 {[%emt 0:00:06]} 11. Bxf6 {[%emt 0:00:07]} Nxf6 {[%emt 0:00:07]} 12. e5 {[%emt 0:00:31]} dxe5 {[%emt 0:00:09]} 13. Nxe5 {[%emt 0:00:04]} Qc7 {[%emt 0:00:06]} 14. Ng4 {[%emt 0:00:22]} Rad8 {[%emt 0:00:20]} 15. Ne4 {[%emt 0:00:16]} Nxe4 {[%emt 0:00:21]} 16. Rxe4 {[%emt 0:02:02]} f5 {[%emt 0:00:21]} 17. Rxe6 {[%emt 0:02:57]} fxg4 {[%emt 0:00:07]} 18. Qxg4 {[%emt 0:00:05]} Bf8 {[%emt 0:00:55]} 19. Rae1 {[%emt 0:01:17]} Rxe6 {[%emt 0:00:19]} 20. Rxe6 {[%emt 0:01:24]} Qd7 {[%emt 0:02:24]} 21. Qc4 {[%emt 0:00:23]} Qd5 {[%emt 0:00:30]} 22. Qxd5 {[%emt 0:01:52]} Rxd5 {[%emt 0:00:14]} 23. Re8 {[%emt 0:00:14]} Kf7 {[%emt 0:00:19]} 24. Rb8 {[%emt 0:03:40]} Rd7 {[%emt 0:00:19]} 25. b3 {[%emt 0:02:17]} Bd6 {[%emt 0:00:12]} 26. Rc8 {[%emt 0:02:18]} Re7 {[%emt 0:00:29]} 27. Kf1 {[%emt 0:01:02]} Re8 {[%emt 0:00:17]} 28. Rxe8 {[%emt 0:00:06]} Kxe8 {[%emt 0:00:05]} 29. Ke2 {[%emt 0:00:02]} Kf7 {[%emt 0:00:12]} 30. Kf3 {[%emt 0:00:02]} Kf6 {[%emt 0:00:04]} 31. Ke4 {[%emt 0:00:11]} Ke6 {[%emt 0:00:07]} 32. g4 {[%emt 0:00:09]} g5 {[%emt 0:00:10]} 33. a4 {[%emt 0:00:40]} Be5 {[%emt 0:01:05]} 34. c4 {[%emt 0:00:19]} b6 {[%emt 0:00:32]} 35. Kf3 {[%emt 0:00:26]} Bd4 {[%emt 0:00:16]} 36. Ke2 {[%emt 0:01:09]} Ke5 {[%emt 0:00:11]} 37. Kf3 {[%emt 0:00:03]} h6 {[%emt 0:00:07]} 38. Kg3 {[%emt 0:00:24]} Bc3 {[%emt 0:00:51]} 39. Kf3 {[%emt 0:00:16]} Bd2 {[%emt 0:00:43]} 40. Ke2 {[%emt 0:01:21]} Bf4 {[%emt 0:00:08]} 41. Kf3 {[%emt 0:00:21]} Kd4 {[%emt 0:00:09]} 42. Ke2 {[%emt 0:00:31]} Kc3 {[%emt 0:00:06]} 43. Kf3 {[%emt 0:00:02]} Kxb3 {[%emt 0:00:04]} 44. Ke4 {[%emt 0:00:02]} Kxa4 {[%emt 0:00:08]} 45. Kf5 {[%emt 0:00:03]} Kb4 {[%emt 0:00:12]} 46. Kg6 {[%emt 0:00:02]} a5 {[%emt 0:00:04]} 47. Kxh6 {[%emt 0:00:03]} a4 {[%emt 0:00:07]} 48. Kh5 {[%emt 0:00:03]} a3 {[%emt 0:00:07]} 49. h4 {[%emt 0:00:05]} gxh4 {[%emt 0:00:05]} 50. Kxh4 {[%emt 0:00:02]} a2 {[%emt 0:00:05]} 51. f3 {[%emt 0:00:02]} a1=Q {[%emt 0:00:07]} 52. g5 {[%emt 0:00:03]} Qg7 {[%emt 0:00:22]} 53. Kg4 {[%emt 0:00:32]} Qxg5+ {[%emt 0:00:07]} 54. Kh3 {[%emt 0:00:03]} Qg3# {[%emt 0:00:05]} 0-1

[Event "African Online-ch Women 2021"]
[Site "Online"]
[Date "2021.02.01"]
[Round "3.15"]
[White "Namangale, Susan"]
[Black "Du Plessis, Anika"]
[Result "0-1"]
[WhiteElo "1344"]
[BlackElo "1541"]
[Annotator "NA RC"]
[PlyCount "70"]
[EventDate "2021.02.01"]
[EventType "swiss"]
[EventCountry "NET"]
[SourceTitle "playchess.com"]
[Source "ChessBase"]
[SourceQuality "1"]
[TimeControl "1500+10"]

1. c4 {[%emt 0:00:00]} e5 {[%emt 0:00:05]} 2. e4 {[%emt 0:00:08]} Nf6 {[%emt 0:00:02]} 3. d3 {[%emt 0:00:12]} c6 {[%emt 0:00:12]} 4. Nf3 {[%emt 0:00:10]} Qc7 {[%emt 0:00:03]} 5. g3 {[%emt 0:00:11]} d6 {[%emt 0:00:09]} 6. Nc3 {[%emt 0:00:30]} Be6 {[%emt 0:00:40]} 7. b4 {[%emt 0:00:59]} d5 {[%emt 0:00:16]} 8. c5 {[%emt 0:00:15]} Nbd7 {[%emt 0:00:33]} 9. a4 {[%emt 0:00:49]} Rd8 {[%emt 0:00:37]} 10. Qe2 {[%emt 0:01:33]} Be7 {[%emt 0:01:11]} 11. Bg2 {[%emt 0:00:23]} O-O {[%emt 0:00:09]} 12. O-O {[%emt 0:00:11]} a5 {[%emt 0:00:18]} 13. b5 {[%emt 0:00:42]} Bxc5 {[%emt 0:00:30]} 14. Be3 {[%emt 0:00:12]} d4 {[%emt 0:00:05]} 15. Nxd4 {[%emt 0:00:54]} exd4 {[%emt 0:00:04]} 16. Bf4 {[%emt 0:00:05]} Bd6 {[%emt 0:00:41]} 17. Bxd6 {[%emt 0:00:26]} Qxd6 {[%emt 0:00:04]} 18. e5 {[%emt 0:00:33]} Nxe5 {[%emt 0:00:08]} 19. Ne4 {[%emt 0:00:10]} Nxe4 {[%emt 0:00:07]} 20. Bxe4 {[%emt 0:00:11]} Bg4 {[%emt 0:00:31]} 21. Qb2 {[%emt 0:01:09]} Nf3+ {[%emt 0:00:18]} 22. Kg2 {[%emt 0:01:26]} Qh6 {[%emt 0:00:34]} 23. h4 {[%emt 0:00:21]} Ne5 {[%emt 0:00:32]} 24. bxc6 {[%emt 0:00:35]} bxc6 {[%emt 0:00:04]} 25. f4 {[%emt 0:00:41]} f5 {[%emt 0:01:53]} 26. Bxf5 {[%emt 0:02:02]} Rxf5 {[%emt 0:00:49]} 27. fxe5 {[%emt 0:00:17]} Rxe5 {[%emt 0:00:11]} 28. Qb3+ {[%emt 0:01:04]} Be6 {[%emt 0:00:48]} 29. Qc2 {[%emt 0:00:55]} Bd5+ {[%emt 0:00:25]} 30. Kh2 {[%emt 0:00:25]} g5 {[%emt 0:00:47]} 31. Qf2 {[%emt 0:00:37]} Rde8 {[%emt 0:00:32]} 32. Qxd4 {[%emt 0:01:06]} gxh4 {[%emt 0:00:17]} 33. Qg4+ {[%emt 0:02:13]} Kh8 {[%emt 0:00:59]} 34. gxh4 {[%emt 0:00:47]} Re2+ {[%emt 0:00:33]} 35. Kg3 {[%emt 0:00:53]} Rg2+ {[%emt 0:00:07]} 0-1

[Event "African Online-ch Women 2021"]
[Site "Online"]
[Date "2021.02.01"]
[Round "4.1"]
[White "Latreche, Sabrina"]
[Black "Mezioud, Amina"]
[Result "1/2-1/2"]
[WhiteElo "2076"]
[BlackElo "2071"]
[Annotator "TA"]
[PlyCount "110"]
[EventDate "2021.02.01"]
[EventType "swiss"]
[EventCountry "NET"]
[SourceTitle "playchess.com"]
[Source "ChessBase"]
[SourceQuality "1"]

{[%evp 9,110,-10,-6,-33,-8,-24,-12,-12,-13,-28,-23,-37,-22,-21,0,-22,-19,-25,-19,-27,-24,-24,-22,-44,-32,-32,-38,-27,-27,-63,-33,-72,-41,-47,-47,-56,-49,-39,13,-5,-2,-9,-9,-6,-27,-33,-39,-35,-43,-43,-35,-63,-79,-128,-150,-162,-115,-118,-91,-81,-42,-54,-26,-43,0,-33,0,-7,-8,-6,9,-3,0,-7,-8,-8,-8,-8,-8,-22,0,-25,0,0,0,0,0,0,0,-8,0,0,0,0,0,0,0,0,0,0,0,0,0]} 1. e4 c5 2. Nc3 e6 3. Nf3 Nc6 4. Bb5 Nge7 5. O-O a6 6. Bd3 {B30: Sicilian: 2...Nc6 3 Bb5, lines without ...g6.} d6 7. Re1 {[#]} Qc7 $146 ({Predecessor:} 7... Ng6 8. Bf1 Be7 9. d4 cxd4 10. Nxd4 O-O 11. a4 Qc7 12. Be3 b6 13. Nb1 Bb7 {½-½ (110) Chelushkina,I (2379)-Markov,V (2207) Vrnjacka Banja 1999}) 8. b3 Ng6 9. Bb2 Be7 10. a4 b6 11. Bf1 O-O 12. g3 Bf6 13. Bg2 Bb7 14. h4 Nge5 15. Nxe5 Bxe5 16. f4 Bd4+ 17. Kh2 Rad8 18. Rb1 Ne7 19. b4 f5 20. bxc5 bxc5 (20... dxc5 $5 {[%cal Re6e5]} 21. e5 Bxg2 22. Kxg2 Rd7 $15) 21. d3 Bc6 22. Ne2 Bxb2 23. Rxb2 Bxa4 (23... d5 $15 24. exd5 Nxd5 25. Bxd5 exd5) 24. Ra2 Bc6 25. Rxa6 Qb7 26. Ra3 fxe4 27. Rb3 Qa8 {Threatens to win with ...exd3.} 28. dxe4 Bxe4 29. Bxe4 Qxe4 30. Ng1 Qg6 31. Qe2 {[#]} Nf5 $1 {[%cal Rf5d4] Strongly threatening ...Nd4.} 32. Qg2 Nd4 33. Rc3 Rf6 34. Nf3 Nxf3+ (34... Nf5 {feels hotter.} 35. Ra3 Rdf8 36. Ng5 h6 37. Ne4 R6f7) 35. Qxf3 Rc8 36. Qb7 Qe8 (36... Rcf8 {with more complications.} 37. Qb3 Re8 38. Rce3 h6 39. Qc4 Qf7) 37. Rb3 Rf7 38. Qe4 Re7 39. f5 {[%cal Rf5e6]} c4 40. Rb7 {[%cal Rf5e6]} e5 41. Reb1 Rxb7 42. Rxb7 {Black must now prevent f6!} Qc6 43. Qxc6 Rxc6 $11 {[%mdl 4096] Endgame KR-KR} 44. Rd7 c3 45. Kg2 Rc4 46. Rxd6 {The position is equal.} Rd4 47. Rc6 Rd2+ {[%mdl 64] [#] Double Attack} 48. Kf3 Rxc2 49. Ke4 Re2+ (49... Rc1 {is interesting.} 50. f6 gxf6 51. Rxf6 Kg7 52. Rc6 c2) 50. Kf3 Rd2 (50... Ra2 {seems wilder.} 51. Rxc3 Kf7 52. Rc7+ Kf6 53. Rc6+ Kf7) 51. Rxc3 Kf7 52. Ke4 Re2+ 53. Kf3 Rd2 54. Ke4 Re2+ 55. Kf3 Rd2 {Weighted Error Value: White=0.09/Black=0.12} 1/2-1/2